000 00242nam a2200097Ia 4500
001 780499
005 20250826170125.0
008 250824s9999 xx 000 0 und d
245 0 _aBİR ÇİFT YÜREK
_cMARLO MORGAN
260 _bPORTAKAL YAYINLARI
999 _c780499
_d780499